000 00627nam a22001457a 4500
999 _c63535
_d63535
003 Ge_BSU
005 20251031155535.0
008 251027s1993 ge ||||| |||| 00| 0 geo d
041 _ageo
080 _a657.15 ბ-98
245 _aბუღალტრული აღრიცხვის საერთაშორისო სტანდარტი ბასს 23 :
_bსესხით სარგებლობასთან დაკავშირებული დანახარჯები.
264 _aთბილისი,
_c1993.
300 _a16 გვ.;
_b21 სმ.
942 _2udc
_cᲬᲘᲒᲜᲘ